| 000 | 00652nam a22002177a 4500 | ||
|---|---|---|---|
| 003 | OSt | ||
| 005 | 20220107122720.0 | ||
| 008 | 130820b xxu||||| |||| 00| 0 eng d | ||
| 020 | _a9780749462567 | ||
| 040 | _cIIITM-K | ||
| 082 | 0 | 0 | _a658.4 CIC/O |
| 100 | 1 |
_aCichocki, Patricia. _91897 |
|
| 245 | 1 | 0 |
_aOrganization design: _bA guide to building effective organizations _cby Patricia Cichocki and Christine Irwin |
| 260 |
_aUSA, _bKogan Page, _c2011. |
||
| 300 | _axvii, 278p. | ||
| 650 | 0 |
_aMANAGEMENT _91898 |
|
| 650 | 0 |
_aORGANIZATIONAL CHANGE _91899 |
|
| 650 | 0 |
_aSTRATEGIC PLANNING _91900 |
|
| 700 | 1 |
_aIrwin, Christine. _91901 |
|
| 942 |
_2ddc _cBK |
||
| 999 |
_c3249 _d3249 |
||